000 01126nam a2200229Ia 4500
999 _c49589
_d49589
001 16521
003 GE_BSU
005 20250121170023.0
008 181216s2010||||ge |||||||||||||| ||geo||
020 _a978-9941-413-85-8
040 _cGE_BSU
041 _ageo
080 _a821.111-312.4 დ-68
100 _aდოილი, ართურ კონან (1859-1930)
_924086
245 _aმოწამლული სარტყელი ; შერლოკ ჰოლმსის თავგადასავალი :
_bდეტექტივი /
_cართურ კონან დოილი ; [მთარგმნ. : ზაქარია ქიტიაშვილი [და სხვ.] ; რედ. მანანა ღოღობერიძე].
264 _aთბილისი :
_bპალიტრა L,
_c2010.
300 _a256გვ. ; 18სმ.
541 _h3ლ.
653 _aდეტექტივი
653 _aმოწამლული სარტყელი ; შერლოკ ჰოლმსის თავგადასავალი
942 _cBK
_2udc